| 000 | 00570nam a2200217 i 4500 | ||
|---|---|---|---|
| 001 | 14065 | ||
| 003 | ES-MaACL | ||
| 007 | t| | ||
| 008 | 980924s1997 sp ||||1| spa d | ||
| 020 | _a84-321-3142-3 | ||
| 080 | _a821.134.2-14"19" | ||
| 100 | 1 |
_aRey, José Luis. _996500 |
|
| 245 | 1 | 3 |
_aUn evangelio español / _cJosé Luis Rey. |
| 250 | _a[1ª ed.]. | ||
| 260 |
_aMadrid : _bRialp, _c[1997] |
||
| 300 |
_a74 p. ; _c18 cm. |
||
| 490 | 1 |
_aAdonais ; _v530 |
|
| 830 | 0 | 0 |
_aAdonáis _v530 _9173743 |
| 852 |
_aES-MaACL _jJ-23-530 _bR.126010 |
||
| 999 |
_c14065 _d14065 |
||